| 000 | 01367nam a22002657i 4500 | ||
|---|---|---|---|
| 999 |
_c23154 _d23154 |
||
| 003 | AR-CdUCM | ||
| 008 | 241213b20232023 pe||||| |||| 00| 0 spa d | ||
| 020 | _a978-612-00-8988-0 | ||
| 040 |
_aMUNICIPALIDAD PROVINCIAL DEL CUSCO _cBIBLIOTECA MUNICIPAL DEL CUSCO |
||
| 041 | _hspa | ||
| 082 |
_a709.01130 / R68 _bR68 |
||
| 100 |
_aRivera Gutiérrez, Juan Zacarias _950875 |
||
| 245 | _aRepresentaciones formal plástica e iconográfica de los Petrograbados del Distrito de Vilque-Puno / | ||
| 260 |
_aPuno : _c2023 |
||
| 300 |
_a102 páginas. : _c21 cm. |
||
| 500 | _zBibliografía: páginas92-96 | ||
| 505 | _aRevisión de literatura -- Arte rupestre -- Contexto del distrito de Vilque -- Iglesia de Cotaña -- Fiestas costumbristas -- Atractivos turísticos -- Petrograbados de Cochapata sitio I -- Ubicación de Petrograbados -- Petrograbados de Cochapata sitio II -- Petrograbados de Maluchani Chupa sitio I -- Petrograbados de Maluchani Chupa sitio II -- Petrograbados de Maluchani Chupa sitio III -- Petrograbados de Ayavile sitio I -- Petrograbados de Ayavile sitio II -- Petrograbados de Q´aqapuncu -- Petrograbados de Coajasi | ||
| 650 |
_aPetrograbados _950876 |
||
| 650 |
_aArte _9561 |
||
| 650 |
_aPintura _93081 |
||
| 650 |
_aElementos _98475 |
||
| 650 |
_aPetrograbado espiral _950912 |
||
| 942 |
_2ddc _cLIBROS |
||
| 945 |
_apbj _d13-12-2024 |
||